00710nam a2200193 a 450000100100000000500170001000800410002702000150006804000250008308200150010810000370012324501660016026000490032630000330037549000170040870000390042570000350046483000170049900002315120200930022024.0101129s2006 cu a r 000 0 spa d a9590608922 aDO-SdBNPbspacBNPHU aNNNbM337r1 aMarín Mederos, Thelvia,c1922-10aEl ritual de la cohoba :bviaje al mundo secreto del tabaco /cThelvia Marín Mederos ; edición Mariel Bauzá Sánchez ; prólogo Manuel Rivero de la Cruz. aLa Habana, Cuba :bCiencias Sociales,c2006. axii, 193 p. :bil. ;c21 cm.1 aSociología1 aRivero de la Cruz, Manuelepról.1 aBauzá Sánchez, Marieleed. 0aSociología